[Event "Sardinia World Open A"]
[Site "Orosei ITA"]
[Date "2025.04.27"]
[Round "1.23"]
[White "Mela, Francesco"]
[Black "Yaniv, Yuval"]
[Result "0-1"]
[BlackTitle "IM"]
[WhiteElo "2089"]
[BlackElo "2407"]
[WhiteFideId "28561023"]
[BlackFideId "2823900"]
[EventDate "2025.04.27"]

1. e4 c5 2. Nc3 Nc6 3. Bb5 Nd4 4. Nf3 a6 5. Bd3 g6 6. O-O Bg7 7. Nxd4 cxd4 8.
Ne2 d5 9. f4 dxe4 10. Bxe4 Nf6 11. Bd3 b5 12. Ng3 Bb7 13. Qe2 O-O 14. b3 e6 15.
Bb2 h5 16. Ne4 Nxe4 17. Bxe4 d3 0-1

[Event "Sardinia World Open A"]
[Site "Orosei ITA"]
[Date "2025.04.27"]
[Round "1.25"]
[White "Orman, Attila"]
[Black "Kanyamarala, Tarun"]
[Result "0-1"]
[BlackTitle "IM"]
[WhiteElo "2074"]
[BlackElo "2386"]
[WhiteFideId "13456458"]
[BlackFideId "45004714"]
[EventDate "2025.04.27"]

1. e4 c5 2. Nf3 a6 3. d4 cxd4 4. Nxd4 e5 5. Nf3 Nf6 6. Nc3 Nc6 7. Bc4 Bb4 8. O-O
O-O 9. Nd5 b5 10. Bb3 Be7 11. Nxe7+ Qxe7 12. Bg5 d6 13. Bd5 Bd7 14. Nh4 h6 15.
Bxc6 Bxc6 16. Nf5 Qe6 17. Bxf6 Qxf6 18. Qxd6 Bxe4 19. Qxf6 gxf6 20. Nxh6+ Kg7
21. Ng4 Bxc2 22. Ne3 Rac8 23. Rac1 Bg6 24. Rfd1 f5 25. g3 f4 26. gxf4 exf4 27.
Ng2 Bh5 28. Re1 Bf3 29. Nxf4 Kf6 30. Kf1 Rxc1 31. Rxc1 Rd8 32. Ng2 Rd2 33. Rc3
Bd5 34. Ne3 Bxa2 35. b4 Rb2 36. Rc6+ Ke5 37. Rxa6 Be6 38. h4 Rxb4 39. h5 Rh4 40.
Ra5 Bd7 41. Ra7 Kd6 42. Ra6+ Kc5 43. Rf6 Be6 44. h6 Rh1+ 45. Kg2 Rh5 46. f4 Kd6
47. Kg3 Ke7 48. Ng4 Bxg4 49. Kxg4 Kxf6 0-1

[Event "Sardinia World Open A"]
[Site "Orosei ITA"]
[Date "2025.04.27"]
[Round "1.26"]
[White "Ibrayev, Nurlan"]
[Black "Cedriano, Mattia"]
[Result "1-0"]
[WhiteTitle "GM"]
[WhiteElo "2367"]
[BlackElo "2067"]
[WhiteFideId "13700650"]
[BlackFideId "28540808"]
[EventDate "2025.04.27"]

1. c4 e6 2. Nf3 d5 3. d4 Nf6 4. g3 Bb4+ 5. Bd2 Be7 6. Bg2 c6 7. Qc2 O-O 8. O-O
b6 9. Bf4 Bb7 10. Nbd2 Nh5 11. Bxb8 Rxb8 12. Rfd1 Nf6 13. Rac1 Ba6 14. Ne5 Qc8
15. cxd5 cxd5 16. Nc6 Rb7 17. Qa4 Bc4 18. Nxc4 b5 19. Nxe7+ Rxe7 20. Qxb5 Rc7
21. b3 Ne8 22. Bxd5 exd5 23. Qxd5 Nf6 24. Qf3 Re8 25. d5 1-0

[Event "Sardinia World Open A"]
[Site "Orosei ITA"]
[Date "2025.04.27"]
[Round "1.27"]
[White "Petcu, Gabriel"]
[Black "Kiolbasa, Oliwia"]
[Result "0-1"]
[BlackTitle "IM"]
[WhiteElo "2063"]
[BlackElo "2361"]
[WhiteFideId "28548485"]
[BlackFideId "1154613"]
[EventDate "2025.04.27"]

1. e4 e5 2. Nf3 Nc6 3. Bb5 a6 4. Ba4 Bc5 5. c3 Nge7 6. O-O Ng6 7. d4 Ba7 8. Re1
O-O 9. Be3 d6 10. h3 Bd7 11. Nbd2 Kh8 12. Nf1 exd4 13. cxd4 f5 14. exf5 Bxf5 15.
Ng3 Nb4 16. Nxf5 Rxf5 17. a3 Nd5 18. Bc2 Nxe3 19. Rxe3 Rf6 20. Ng5 Qg8 21. Rg3
Raf8 22. Rg4 d5 23. Rc1 h6 24. Nf3 Nf4 25. Ne5 Bxd4 26. Nd7 c5 27. Nxf6 Rxf6 28.
Bd3 Bxf2+ 29. Kh1 Qe6 30. Bf1 Nh5 31. Qb3 b5 32. Rd1 c4 33. Qc3 d4 34. Qd2 Qe5
35. Qa5 Ng3+ 36. Rxg3 Qxg3 37. Qd8+ Kh7 38. Qe8 Be3 39. Qe4+ Kg8 40. Qe8+ Rf8
41. Qe6+ Kh8 42. Qe7 Qf2 43. Be2 d3 44. Bh5 d2 45. h4 Qe1+ 46. Kh2 Bf4+ 0-1

[Event "Sardinia World Open A"]
[Site "Orosei ITA"]
[Date "2025.04.27"]
[Round "1.28"]
[White "Bettalli, Francesco"]
[Black "Rubinshtein, Kamilla"]
[Result "1-0"]
[WhiteTitle "FM"]
[WhiteElo "2355"]
[BlackElo "2058"]
[WhiteFideId "2816453"]
[BlackFideId "2838708"]
[EventDate "2025.04.27"]

1. d4 Nf6 2. Nc3 d5 3. Bf4 a6 4. e3 c5 5. dxc5 Qa5 6. Nf3 Bg4 7. Bxb8 Rxb8 8.
Qd4 Bxf3 9. gxf3 e6 10. b4 Qc7 11. Na4 Be7 12. Nb6 O-O 13. h4 Nh5 14. c3 Bf6 15.
Qd2 g6 16. f4 Ng7 17. Bd3 Rbd8 18. O-O-O h5 19. Kb2 Qe7 20. Rdg1 Bxh4 21. f5
exf5 22. Bc2 Bf6 23. Nxd5 Bxc3+ 24. Qxc3 Rxd5 25. Bb3 Rd7 26. Rxg6 1-0

[Event "Sardinia World Open A"]
[Site "Orosei ITA"]
[Date "2025.04.27"]
[Round "1.29"]
[White "Karanikolas, Dimitrios"]
[Black "Noy, Eyal"]
[Result "0-1"]
[BlackTitle "FM"]
[WhiteElo "2054"]
[BlackElo "2346"]
[WhiteFideId "4202589"]
[BlackFideId "2821117"]
[EventDate "2025.04.27"]

1. Nf3 d5 2. d4 Nf6 3. c4 e6 4. Nc3 Bb4 5. Qa4+ Nc6 6. e3 O-O 7. Bd2 Re8 8. Qc2
Bf8 9. a3 a6 10. Bd3 h6 11. O-O dxc4 12. Bxc4 e5 13. dxe5 Nxe5 14. Be2 Qe7 15.
h3 b5 16. Nxe5 Qxe5 17. Bf3 Bf5 18. e4 Bd6 19. Rfe1 Qh2+ 20. Kf1 Be6 21. b3 Nd7
22. Ke2 Nc5 23. Rab1 Rad8 24. Be3 Qe5 25. Nd5 c6 26. Bf4 Qxd5 0-1

[Event "Sardinia World Open A"]
[Site "Orosei ITA"]
[Date "2025.04.27"]
[Round "1.30"]
[White "Brunello, Marina"]
[Black "Vardi, Daniel"]
[Result "1-0"]
[WhiteTitle "IM"]
[WhiteElo "2325"]
[BlackElo "2049"]
[WhiteFideId "822590"]
[BlackFideId "2849127"]
[EventDate "2025.04.27"]

1. Nf3 Nf6 2. g3 g6 3. c4 c6 4. b3 Bg7 5. Bb2 O-O 6. Bg2 d5 7. O-O Nbd7 8. d4
Ne4 9. Nbd2 Nxd2 10. Qxd2 Re8 11. Rfd1 Nb6 12. Rac1 Be6 13. cxd5 cxd5 14. Ne5 f6
15. Nd3 Bf7 16. Nc5 Rb8 17. Qa5 a6 18. Qd2 Nd7 19. Bc3 Nxc5 20. dxc5 e6 21. Ba5
Qe7 22. c6 bxc6 23. Rxc6 Rec8 24. Rdc1 Qd7 25. Rxa6 Rxc1+ 26. Qxc1 Rc8 27. Qd2
e5 28. Bb4 d4 29. Ra8 Rxa8 30. Bxa8 Qc8 31. Bg2 Be6 32. h4 f5 33. e3 Bh6 34. Bd6
dxe3 35. fxe3 Qd8 36. Kf2 f4 37. exf4 exf4 38. Qd4 fxg3+ 39. Kxg3 Bg7 40. Qb4
Bf6 41. h5 gxh5 42. Qb8 h4+ 43. Kh2 Qxb8 44. Bxb8 Kf7 45. Bf4 Ke7 46. Be4 h5 47.
Bg2 Kd7 48. Bh3 Bxh3 49. Kxh3 Kc6 50. Bd2 Be7 51. Be1 Kb5 52. Bxh4 Bd6 53. Be1
Be7 54. Kg2 Kb6 55. Kf3 Kb5 56. Bd2 Kb6 57. Kf4 Kb5 58. Kf5 Kc5 59. Bc3 Kb5 60.
Be1 Kc5 61. Bd2 Kb5 62. a4+ Kb6 63. Bg5 Bd6 64. Be3+ Ka5 65. Bd2+ Kb6 66. Kg5
Ka6 67. Kxh5 Kb6 68. Kg4 Ka6 69. Kf3 Kb6 70. Ke4 Bf8 71. Kd5 Be7 72. Kc4 Bf8 73.
Bb4 Bh6 74. Be7 Bd2 75. Bf6 Be1 76. Bc3 Bh4 77. b4 Be7 78. a5+ Kb7 79. b5 Bd8
80. Kd5 Bc7 81. a6+ Ka8 82. Kc6 Bd8 83. Be5 Ka7 84. Bc7 Bxc7 85. Kxc7 Ka8 86.
Kc6 Kb8 87. b6 Ka8 88. b7+ Kb8 89. Kd7 Ka7 90. Kc7 1-0

[Event "Sardinia World Open A"]
[Site "Orosei ITA"]
[Date "2025.04.27"]
[Round "1.31"]
[White "Felix, Raphael"]
[Black "Adharsh K"]
[Result "1/2-1/2"]
[WhiteTitle "CM"]
[BlackTitle "FM"]
[WhiteElo "2038"]
[BlackElo "2317"]
[WhiteFideId "14339544"]
[BlackFideId "25718207"]
[EventDate "2025.04.27"]

1. e4 c5 2. Nf3 d6 3. d4 cxd4 4. Nxd4 Nf6 5. Nc3 Nc6 6. Bg5 e6 7. Qd2 Be7 8.
O-O-O a6 9. Bxf6 gxf6 10. f4 Bd7 11. Be2 Nxd4 12. Qxd4 Qa5 13. Bf3 Qc5 14. Qd2
O-O-O 15. Rhe1 Kb8 16. Kb1 Rc8 17. Re3 Qa5 18. Ne2 Qxd2 19. Rxd2 Ka7 20. Nd4 h5
21. c3 h4 22. Bg4 b5 23. f5 e5 24. Nc2 a5 25. Red3 Bc6 26. Bf3 Bb7 27. Ne3 Rc5
28. h3 Rhc8 29. a3 b4 30. axb4 axb4 31. c4 Kb6 32. b3 Ra5 33. Nd5+ Bxd5 34. Rxd5
Rxd5 35. Rxd5 Rc5 36. Rd2 Bf8 37. Bh5 Rc7 38. Kc2 Kc6 39. Rd5 Ra7 40. Kb2 Bh6
41. Rd3 Bf4 42. Kb1 Bg3 43. Rd2 Be1 44. Ra2 Rxa2 45. Kxa2 Kc5 46. Kb2 Kd4 47.
Bf3 Kd3 48. Ka2 Bc3 49. Kb1 Bd4 50. Ka2 Kc3 51. Bh5 Bc5 52. Bf3 Kc2 53. Bh5 Bd4
54. Bf3 Kd3 55. Kb1 Bf2 56. Kb2 Bd4+ 57. Kb1 Bc5 58. Kb2 Bb6 59. Kb1 Bd4 60. Ka2 1/2-1/2

[Event "Sardinia World Open A"]
[Site "Orosei ITA"]
[Date "2025.04.27"]
[Round "1.32"]
[White "Kalosha, Zhiulien Oleksii"]
[Black "Deboushnik De"]
[Result "1-0"]
[WhiteTitle "FM"]
[WhiteElo "2315"]
[BlackElo "2038"]
[WhiteFideId "14183706"]
[BlackFideId "25768778"]
[EventDate "2025.04.27"]

1. e4 c6 2. d4 d5 3. Nc3 dxe4 4. Nxe4 Nf6 5. Nxf6+ exf6 6. c3 Bd6 7. Bd3 O-O 8.
Qc2 Re8+ 9. Ne2 h5 10. O-O h4 11. h3 Nd7 12. c4 Nf8 13. Be3 Be6 14. Rad1 Rc8 15.
Rfe1 Bb8 16. b3 b5 17. Bc1 Qd7 18. Bf4 g6 19. Bxb8 Rxb8 20. Nc3 bxc4 21. bxc4
Qxd4 22. Bxg6 Qxc4 23. Bd3 Qc5 24. Re4 Ng6 25. Rde1 f5 26. R4e3 Red8 27. Qc1 Rb4
28. Rxe6 Rxd3 29. Qg5 Rd6 30. Re8+ Kg7 31. Ne4 Rxe4 32. Re7 Re5 33. R7xe5 Qa5
34. R5e2 Rd5 35. Qc1 Rc5 36. Qb2+ Qc3 37. Qb8 f4 38. Qxa7 Rg5 39. f3 Qxf3 40.
Qd4+ Kh7 41. Qf6 Qd5 42. Rf2 Rf5 43. Qc3 Qa5 44. Qxa5 Rxa5 45. Rc1 c5 46. Rc4
Kh6 47. Rfc2 f6 48. Rxc5 Ra3 49. R5c3 Ra5 50. Rc6 Kg7 51. R6c4 Ra3 52. R4c3 Ra4
53. a3 Ne5 54. Rb2 Rd4 55. Rb1 Kg6 56. Ra1 Ra4 57. Kf2 Kg5 58. Rb3 Rd4 59. a4
Rd2+ 60. Kf1 f3 61. gxf3 Kf4 62. a5 Kg3 63. a6 Rf2+ 64. Ke1 Kg2 65. Ra4 Rf1+ 66.
Kd2 Rf2+ 67. Kc1 Nc6 68. Rb2 Rxb2 69. Kxb2 Kxh3 70. Rc4 Na7 71. Rc7 Nb5 72. Rb7
Nd6 73. Rb8 Nc8 1-0

[Event "Sardinia World Open A"]
[Site "Orosei ITA"]
[Date "2025.04.27"]
[Round "1.33"]
[White "Wecker, Martin"]
[Black "Xu, Grant"]
[Result "1-0"]
[BlackTitle "FM"]
[WhiteElo "2035"]
[BlackElo "2304"]
[WhiteFideId "12931462"]
[BlackFideId "2052318"]
[EventDate "2025.04.27"]

1. c4 f5 2. Nf3 Nf6 3. g3 g6 4. Bg2 Bg7 5. b4 O-O 6. Bb2 c6 7. O-O d6 8. d3 e5
9. Nc3 Qe7 10. Nd2 Be6 11. b5 d5 12. Qb3 Qf7 13. Na4 Nbd7 14. Ba3 Rfc8 15. bxc6
bxc6 16. Rab1 Bh6 17. Qc2 g5 18. Rb7 Qh5 19. Rfb1 f4 20. Nc5 Nxc5 21. Bxc5 Bf5
22. Be7 fxg3 23. hxg3 Ng4 24. Nf1 Qf7 25. Bxg5 Bd7 26. Bxh6 Nxh6 27. Qd2 Nf5 28.
e4 Nd6 29. Qg5+ Kf8 30. Qh6+ Ke7 31. Qg5+ Kf8 32. Qh6+ Ke7 33. Bh3 Nxb7 34. Rxb7
Rd8 35. Qxc6 Qf6 36. Rxd7+ Rxd7 37. Qxd7+ Kf8 38. cxd5 Rb8 39. Qxa7 Rb1 40. Qc5+
Kg7 41. d6 Rd1 42. Qd5 Rb1 43. d7 Rb2 44. Bf5 1-0

[Event "Sardinia World Open A"]
[Site "Orosei ITA"]
[Date "2025.04.27"]
[Round "1.34"]
[White "Dalaud, Dorian"]
[Black "Tona, Leonardo"]
[Result "1/2-1/2"]
[WhiteTitle "FM"]
[WhiteElo "2303"]
[BlackElo "2030"]
[WhiteFideId "36093270"]
[BlackFideId "28583213"]
[EventDate "2025.04.27"]

1. Nf3 d5 2. b3 Nf6 3. Bb2 Bf5 4. g3 Nbd7 5. Nh4 Bg6 6. Nxg6 hxg6 7. c4 e6 8.
Bg2 c6 9. cxd5 cxd5 10. Nc3 a6 11. O-O Bd6 12. e3 O-O 13. d3 Qe7 14. a3 Rac8 15.
b4 Rc7 16. Qb3 Rfc8 17. e4 dxe4 18. dxe4 Be5 19. Rac1 Bd4 20. Ne2 Bxb2 21. Rxc7
Rxc7 22. Qxb2 Nb6 23. Qd4 Nc4 24. e5 Nd7 25. Bxb7 Ndxe5 26. Bg2 Qd6 27. Rc1 Qxd4
28. Nxd4 Rd7 29. Nc6 Nxc6 30. Rxc4 Na7 31. a4 Kf8 32. Rc5 Ke7 33. Bf1 Kd6 34.
Bxa6 Rc7 35. Rxc7 Kxc7 36. Bf1 Nc6 37. b5 Na5 38. f4 Kb6 39. Kf2 Nb3 40. Bg2 Nc5
41. Bc6 Nxa4 42. Be8 f6 43. Bxg6 Kxb5 44. Be8+ Kb4 45. Kf3 Nc5 46. Kg4 Kc4 47.
Kh5 e5 48. Kg6 exf4 49. gxf4 Kd5 50. f5 Ke5 51. h4 Ne4 52. Bd7 Kf4 53. Kxg7 Kg4
54. Bc6 Nd6 55. h5 Kxh5 56. Kxf6 Nxf5 57. Kxf5 1/2-1/2

[Event "Sardinia World Open A"]
[Site "Orosei ITA"]
[Date "2025.04.27"]
[Round "1.35"]
[White "Alaime, Maxime"]
[Black "Romanishin, Oleg M"]
[Result "1/2-1/2"]
[BlackTitle "GM"]
[WhiteElo "2029"]
[BlackElo "2291"]
[WhiteFideId "36045403"]
[BlackFideId "14100088"]
[EventDate "2025.04.27"]

1. Nf3 Nf6 2. g3 d5 3. Bg2 g6 4. O-O Bg7 5. d3 O-O 6. Nbd2 d4 7. e4 dxe3 8. fxe3
c5 9. a4 Nc6 10. Nc4 Be6 11. Nfe5 Nxe5 12. Nxe5 Qc7 13. Nf3 c4 14. d4 Bd5 15.
Qe2 Rad8 16. c3 Be4 17. Ne5 Rc8 18. Bxe4 Nxe4 19. Ng4 e5 20. Nf2 Nd6 21. dxe5
Bxe5 22. e4 Rfe8 23. Qf3 Bg7 24. Bf4 Qc6 25. Rae1 Rcd8 26. Bg5 Rd7 27. Qf4 Re6
28. e5 Nf5 29. g4 Ne7 30. Ne4 Nd5 31. Qf2 Rxe5 32. Qxa7 Qc8 33. Qf2 h6 1/2-1/2

[Event "Sardinia World Open A"]
[Site "Orosei ITA"]
[Date "2025.04.27"]
[Round "1.36"]
[White "Ypma, Peter"]
[Black "Kukushkin, Ivan"]
[Result "1-0"]
[WhiteTitle "FM"]
[WhiteElo "2288"]
[BlackElo "2029"]
[WhiteFideId "1027255"]
[BlackFideId "11634103"]
[EventDate "2025.04.27"]

1. g3 d5 2. Bg2 e5 3. d4 e4 4. c4 c6 5. Nc3 Nf6 6. Nh3 Be7 7. Qb3 Na6 8. cxd5
cxd5 9. Bf4 O-O 10. O-O b6 11. Be5 Be6 12. Nf4 Qd7 13. Bxf6 Bxf6 14. Ncxd5 Bxd4
15. Rad1 Be5 16. Qa3 Qb5 17. Bxe4 Bxb2 18. Qf3 Rae8 19. Bxh7+ Kxh7 20. Qh5+ Kg8
21. Ne7+ Rxe7 22. Qxb5 Bf6 23. Nxe6 Rxe6 24. Qxa6 Re7 25. Rd2 Bc3 26. Rd5 g6 27.
Rfd1 Rfe8 28. e3 Kg7 29. Rd7 Re6 30. Qxa7 Rf6 31. R1d6 Rf5 32. g4 Rg5 33. Rxf7+
Kg8 34. h3 Be5 35. Rh7 Rf8 36. Rd8 1-0

[Event "Sardinia World Open A"]
[Site "Orosei ITA"]
[Date "2025.04.27"]
[Round "1.37"]
[White "Baloire, Endy"]
[Black "Haver, Bas"]
[Result "1/2-1/2"]
[BlackTitle "FM"]
[WhiteElo "2025"]
[BlackElo "2281"]
[WhiteFideId "827533"]
[BlackFideId "1039849"]
[EventDate "2025.04.27"]

1. d4 Nf6 2. Bf4 c5 3. e3 g6 4. c3 d6 5. h3 Qb6 6. Qb3 Be6 7. Qxb6 axb6 8. a3
Bg7 9. Nd2 O-O 10. Ngf3 h6 11. g4 Nc6 12. Bg2 b5 13. O-O Ra4 14. dxc5 dxc5 15.
Ne5 Rc8 16. Nxc6 bxc6 17. Nf3 Nd5 18. Be5 f6 19. Bg3 Nb6 20. Nd2 Bd5 21. Rfd1 f5
22. gxf5 gxf5 23. Bxd5+ cxd5 24. Nf3 e6 25. Be5 Kf7 26. Bxg7 Rg8 27. Ne5+ Kxg7
28. f4 Kf6+ 29. Kf2 Ra7 30. Rg1 Rag7 31. Rxg7 Rxg7 32. b3 c4 33. bxc4 dxc4 34.
Rb1 Nd5 35. Rxb5 Nxc3 36. Rb8 Ne4+ 37. Ke2 c3 38. Kd1 Rg1+ 39. Kc2 Rg2+ 40. Kc1
Rg1+ 41. Kc2 Rg2+ 42. Kc1 Ke7 43. a4 Ra2 44. a5 Kd6 45. Rb6+ Ke7 46. a6 Ng3 47.
Nc6+ Kd7 48. Nd4 Ne4 49. Rxe6 Nc5 50. Rxh6 Rb2 51. Nc2 Nd3+ 52. Kd1 Nf2+ 53. Kc1
Nd3+ 54. Kd1 Nf2+ 55. Kc1 Nd3+ 1/2-1/2

[Event "Sardinia World Open A"]
[Site "Orosei ITA"]
[Date "2025.04.27"]
[Round "1.38"]
[White "Urbani, Gabriel"]
[Black "Vihaan Karthikeya N"]
[Result "1-0"]
[WhiteTitle "FM"]
[WhiteElo "2277"]
[BlackElo "2025"]
[WhiteFideId "2830138"]
[BlackFideId "25950673"]
[EventDate "2025.04.27"]

1. e4 c6 2. d4 d5 3. e5 Bf5 4. h4 h5 5. Bd3 Bxd3 6. Qxd3 e6 7. Bg5 Qb6 8. Nd2
Ne7 9. Ne2 Nf5 10. O-O Nd7 11. c4 Be7 12. cxd5 cxd5 13. Bxe7 Nxe7 14. Nf3 Nf5
15. Ng3 Nxg3 16. fxg3 O-O-O 17. a4 f6 18. a5 Qb4 19. a6 fxe5 20. axb7+ Qxb7 21.
dxe5 Kb8 22. Ra3 Qb6+ 23. Kh2 Nc5 24. Qe3 Rd7 25. Rfa1 Rb7 26. Nd4 Rc8 27. Rc1
Rbc7 28. Rac3 Ka8 29. Qg5 Qb4 30. Qf4 Nd3 31. Rxc7 Rxc7 32. Rxc7 Nxf4 33. Rxa7+
Kxa7 34. Nc6+ Kb6 35. Nxb4 Ng6 36. Nd3 Kb5 37. b3 d4 38. g4 hxg4 39. Kg3 Nf8 40.
Kxg4 Nd7 41. Kf4 Nb8 42. Ke4 Nc6 43. Nf4 Kb4 44. Nxe6 d3 45. Kxd3 Nxe5+ 46. Ke4
Ng6 47. h5 Ne7 48. Nxg7 Ng8 49. g4 Kc5 50. g5 Kd6 51. h6 Ne7 52. Nf5+ 1-0

[Event "Sardinia World Open A"]
[Site "Orosei ITA"]
[Date "2025.04.27"]
[Round "1.39"]
[White "Duraccio, Walter Mattia"]
[Black "Blom, Vincent"]
[Result "1-0"]
[BlackTitle "FM"]
[WhiteElo "2020"]
[BlackElo "2274"]
[WhiteFideId "2865713"]
[BlackFideId "1014358"]
[EventDate "2025.04.27"]

1. c4 e5 2. g3 Nc6 3. Nf3 e4 4. Nh4 d6 5. d3 exd3 6. Qxd3 Be7 7. Nf3 Ne5 8. Qc2
Nxf3+ 9. exf3 Be6 10. Bg2 Qd7 11. Be3 Nf6 12. O-O O-O 13. Rd1 Bh3 14. Nc3 Bxg2
15. Kxg2 Rfe8 16. Bd4 Qc6 17. Rac1 a6 18. b3 Rad8 19. Re1 Qd7 20. Rcd1 h6 21. c5
Qc6 22. Rxe7 Rxe7 23. Bxf6 gxf6 24. Nd5 Re5 25. Nxf6+ Kg7 26. Ng4 Re6 27. Qc3+
f6 28. Qc4 Qe8 29. Qf4 Qh5 30. h4 d5 31. Qxc7+ 1-0

[Event "Sardinia World Open A"]
[Site "Orosei ITA"]
[Date "2025.04.27"]
[Round "2.1"]
[White "Dardha, Daniel"]
[Black "Bettalli, Francesco"]
[Result "0-1"]
[WhiteTitle "GM"]
[BlackTitle "FM"]
[WhiteElo "2650"]
[BlackElo "2355"]
[WhiteFideId "240990"]
[BlackFideId "2816453"]
[EventDate "2025.04.27"]

1. e4 c5 2. Nf3 Nc6 3. Bb5 e5 4. O-O Bd6 5. d4 Nxd4 6. Bc4 h6 7. Nxd4 cxd4 8. c3
Bc5 9. f4 d5 10. Bxd5 Nf6 11. c4 Bg4 12. Qe1 Be2 13. b4 Bb6 14. c5 Bxf1 15. Bxb7
Bb5 16. Bxa8 Qxa8 17. cxb6 axb6 18. Nd2 exf4 19. Bb2 O-O 20. Bxd4 Qd8 21. Nf3
Re8 22. e5 Bc6 23. Rd1 Qa8 24. Qe2 Qa4 25. Bxb6 Qxb4 26. Bd4 Nd5 27. Rc1 Qb7 28.
h3 Nc7 29. Qb2 Qa8 30. Nh4 Ne6 31. Nf5 Be4 32. Nd6 Rb8 33. Qf2 Nxd4 34. Qxd4
Bxg2 35. e6 fxe6 36. Ne8 Qb7 37. Nxg7 Bxh3 0-1

[Event "Sardinia World Open A"]
[Site "Orosei ITA"]
[Date "2025.04.27"]
[Round "2.2"]
[White "Noy, Eyal"]
[Black "Mendonca, Leon Luke"]
[Result "0-1"]
[WhiteTitle "FM"]
[BlackTitle "GM"]
[WhiteElo "2346"]
[BlackElo "2643"]
[WhiteFideId "2821117"]
[BlackFideId "35028561"]
[EventDate "2025.04.27"]

1. d4 Nf6 2. c4 e6 3. Nf3 d5 4. g3 Bb4+ 5. Bd2 Be7 6. Bg2 O-O 7. O-O c6 8. Qc2
Nbd7 9. Rd1 a5 10. Bf4 h6 11. Nbd2 Nh5 12. e4 Nxf4 13. gxf4 Nf6 14. Qd3 a4 15.
Ne5 a3 16. b3 Bb4 17. Rac1 Bxd2 18. Rxd2 Nxe4 19. Bxe4 dxe4 20. Qxe4 f6 21. Nd3
Ra5 22. c5 Ra8 23. Re2 Bd7 24. Rc4 Qc7 25. Re3 Be8 26. Rb4 Bf7 27. Ne1 Rfd8 28.
Nc2 Rd5 29. Rf3 e5 30. fxe5 fxe5 31. Ne3 exd4 32. Nxd5 Bxd5 33. Qf4 Qe7 34. Rxd4
Bxf3 35. Qxf3 Rf8 36. Qc3 Qf6 37. Qd2 Qg6+ 38. Kf1 Qb1+ 39. Kg2 Qg6+ 40. Kf1 Qh5
41. b4 Qxh2 42. Rd3 Qh1+ 43. Ke2 Qg2 44. Qe3 Qg4+ 45. Kf1 Qxb4 46. Rxa3 Qc4+ 47.
Kg1 Rf5 48. Qe8+ Rf8 49. Qe3 Qg4+ 50. Kf1 Rd8 51. f3 Qh3+ 52. Kf2 Qh2+ 53. Ke1
Kh8 54. Rd3 Qh4+ 55. Kd1 Qa4+ 56. Ke1 Qb4+ 57. Kf2 Rxd3 58. Qxd3 Qxc5+ 59. Kg2
Qg5+ 60. Kh3 Qd5 61. Qe2 c5 62. a3 c4 63. Qe3 Qd3 64. Qf4 Kh7 65. Qf7 b5 66. Kh4
c3 67. Qb3 Qc4+ 0-1

[Event "Sardinia World Open A"]
[Site "Orosei ITA"]
[Date "2025.04.27"]
[Round "2.3"]
[White "Brunello, Marina"]
[Black "Yoo, Christopher Woojin"]
[Result "0-1"]
[WhiteTitle "IM"]
[BlackTitle "GM"]
[WhiteElo "2325"]
[BlackElo "2588"]
[WhiteFideId "822590"]
[BlackFideId "30909694"]
[EventDate "2025.04.27"]

1. Nf3 c5 2. c4 b6 3. g3 Bb7 4. Bg2 g6 5. O-O Bg7 6. Nc3 Nf6 7. d3 O-O 8. Rb1
Nc6 9. Bg5 h6 10. Bd2 e6 11. a3 d5 12. b4 dxc4 13. dxc4 Qe7 14. b5 Nd4 15. Nxd4
cxd4 16. Na2 Bxg2 17. Kxg2 Rfc8 18. Qb3 Qb7+ 19. f3 a5 20. bxa6 Qxa6 21. Qxb6
Qxc4 22. Nc1 Rxa3 23. Nd3 Nd5 24. Qb7 Qa6 25. Qxa6 Rxa6 26. Rb2 Rac6 27. f4 f6
28. Ra1 Rc2 29. Raa2 Rxb2 30. Rxb2 e5 31. Kf3 Re8 32. Nf2 exf4 33. gxf4 f5 34.
Rc2 Nc3 35. e3 dxe3 36. Bxe3 Ra8 37. Rd2 Re8 38. Rd7 Ne4 39. Bb6 Rb8 40. Rd8+
Rxd8 41. Bxd8 Nd6 42. Nd3 Kf7 43. h3 Ke6 44. Nb4 Bc3 45. Nd3 Bd4 46. Nb4 Kd7 47.
Bh4 Ne4 48. Nd3 Ke6 49. Bd8 Nd6 50. Nb4 Nb5 51. Nd3 Bg7 52. Bb6 Na3 53. Nb4 Nc4
54. Bc5 Nd2+ 55. Ke3 Nb3 56. Bb6 Bc3 57. Nd3 Kd5 58. Bc7 Nd2 59. Ke2 Nc4 60. Kf3
Bf6 61. Bb8 Kd4 62. Ke2 Ke4 63. Nf2+ Kd5 64. Nd3 Bd4 65. Bc7 Ke4 66. Nb4 Na3 67.
Nd3 Nb5 68. Be5 Nc3+ 69. Kd2 Nd5 0-1

[Event "Sardinia World Open A"]
[Site "Orosei ITA"]
[Date "2025.04.27"]
[Round "2.4"]
[White "Sonis, Francesco"]
[Black "Kalosha, Zhiulien Oleksii"]
[Result "1-0"]
[WhiteTitle "GM"]
[BlackTitle "FM"]
[WhiteElo "2576"]
[BlackElo "2315"]
[WhiteFideId "895733"]
[BlackFideId "14183706"]
[EventDate "2025.04.27"]

1. Nf3 Nf6 2. c4 c5 3. Nc3 d5 4. cxd5 Nxd5 5. e4 Nb4 6. Bc4 Nd3+ 7. Ke2 Nf4+ 8.
Kf1 Ne6 9. h4 h5 10. Ne2 g6 11. b4 Bg7 12. Rb1 O-O 13. bxc5 Nxc5 14. Ng5 Nc6 15.
Ba3 Ne6 16. Nxe6 Bxe6 17. Bxe6 fxe6 18. Rh3 Qa5 19. d4 Rad8 20. Rd3 Qa6 21. Kg1
Rd7 22. Bb2 Ne5 23. Rg3 Kh7 24. Qc2 Ng4 25. e5 Rf5 26. Ra3 Qb5 27. f3 Nh6 28.
Bc1 Qd5 29. Rxa7 Rf8 30. Bxh6 Bxh6 31. Qb3 Qc6 32. Kf2 Kh8 33. Rb2 Rb8 34. Rc2
Qd5 35. Rc5 Qxb3 36. axb3 Bd2 37. Rc2 Bh6 38. f4 Rf8 39. Ke3 Kg7 40. g3 Rfd8 41.
b4 Kf7 42. b5 Ke8 43. b6 1-0

[Event "Sardinia World Open A"]
[Site "Orosei ITA"]
[Date "2025.04.27"]
[Round "2.5"]
[White "Ypma, Peter"]
[Black "Amar, Elham"]
[Result "0-1"]
[WhiteTitle "FM"]
[BlackTitle "GM"]
[WhiteElo "2288"]
[BlackElo "2546"]
[WhiteFideId "1027255"]
[BlackFideId "1533533"]
[EventDate "2025.04.27"]

1. c4 e6 2. e4 d5 3. exd5 exd5 4. d4 Nf6 5. Nf3 Be7 6. Nc3 O-O 7. Be2 dxc4 8.
Bxc4 Nbd7 9. O-O Nb6 10. Bd3 Bg4 11. a3 c6 12. Be2 Nbd5 13. h3 Bh5 14. g4 Bg6
15. Ne5 Nxc3 16. bxc3 Ne4 17. Qb3 Qb6 18. Qxb6 axb6 19. Bb2 b5 20. Rfe1 Bh4 21.
Rf1 Rfe8 22. Nxg6 hxg6 23. Bd3 Nd2 24. Rfd1 Nc4 25. Bc1 Nb6 26. g5 Na4 27. c4
Nc3 28. Rf1 bxc4 29. Bxc4 Ra4 30. Bb3 Ra5 31. Bd2 Ne2+ 32. Kg2 Rf5 33. Bc2 Rd5
34. Bb3 Rdd8 35. Rad1 Nxd4 36. Ba5 Rd6 37. Bc7 Rd7 38. Bb6 Re4 39. Bc2 Rf4 40.
Ba5 Bxg5 41. Bb1 Bf6 42. Rfe1 Rh4 43. Re8+ Kh7 44. Rd3 Rh5 45. Bd2 Rb5 46. Bc2
Rbd5 47. Bb1 Nb5 48. Rxd5 Rxd5 49. Bb4 c5 50. Ba5 Nxa3 51. Ba2 c4 52. Bb4 Nc2
53. Bxc4 Rg5+ 54. Kf1 Nxb4 55. Bxf7 Re5 56. Rc8 Re7 57. Bb3 Nc6 58. Bg8+ Kh6 59.
Bd5 Kg5 60. Bxc6 bxc6 61. Rxc6 Ra7 62. Kg2 Ra2 63. Rd6 Kf5 64. Kf3 Bh4 0-1